हिन्दी की सौ श्रेष्ठ पुस्तकें / (Record no. 158447)
[ view plain ]
| 000 -LEADER | |
|---|---|
| fixed length control field | 01241nam a22002897a 4500 |
| 003 - CONTROL NUMBER IDENTIFIER | |
| control field | dpl |
| 005 - DATE AND TIME OF LATEST TRANSACTION | |
| control field | 20181029160543.0 |
| 008 - FIXED-LENGTH DATA ELEMENTS--GENERAL INFORMATION | |
| fixed length control field | 181029b ||||| |||| 00| 0 eng d |
| 010 ## - LIBRARY OF CONGRESS CONTROL NUMBER | |
| LC control number | B-068733 |
| 020 ## - INTERNATIONAL STANDARD BOOK NUMBER | |
| Terms of availability | 350.00 |
| 035 ## - SYSTEM CONTROL NUMBER | |
| System control number | B-068733 |
| 037 ## - SOURCE OF ACQUISITION | |
| Source of stock number/acquisition | BPPD/PUB |
| 040 ## - CATALOGING SOURCE | |
| Original cataloging agency | DPL |
| Language of cataloging | HN |
| Transcribing agency | 0 |
| 082 ## - DEWEY DECIMAL CLASSIFICATION NUMBER | |
| Classification number | 820.8 |
| Item number | जयप्र |
| 100 ## - MAIN ENTRY--PERSONAL NAME | |
| Personal name | जयप्रकाश भारती |
| 245 ## - TITLE STATEMENT | |
| Title | हिन्दी की सौ श्रेष्ठ पुस्तकें / |
| Statement of responsibility, etc | जयप्रकाश भारती |
| 246 ## - VARYING FORM OF TITLE | |
| Title proper/short title | Hindi ki Sau sreshtha pustakein / |
| Remainder of title | Jayprakash Bharti |
| 260 ## - PUBLICATION, DISTRIBUTION, ETC. (IMPRINT) | |
| Place of publication, distribution, etc | नई दिल्ली |
| Name of publisher, distributor, etc | नीलकंठ प्रकाशन |
| Date of publication, distribution, etc | 2002 |
| 270 ## - ADDRESS | |
| City | नई दिल्ली |
| Address | 1/1079, ई, महरौली |
| Postal code | 110030 |
| 300 ## - PHYSICAL DESCRIPTION | |
| Extent | 355पृ. |
| Dimensions | 19सेमी(सजिल्द) |
| 650 ## - SUBJECT ADDED ENTRY--TOPICAL TERM | |
| Topical term or geographic name as entry element | बच्चों के साहित्य, इंडिक |
| 9 (RLIN) | 43086 |
| 650 ## - SUBJECT ADDED ENTRY--TOPICAL TERM | |
| Topical term or geographic name as entry element | बच्चों के साहित्य, इंडिक (अंग्रेजी) |
| 9 (RLIN) | 43087 |
| 650 ## - SUBJECT ADDED ENTRY--TOPICAL TERM | |
| Topical term or geographic name as entry element | Children's literature, Indic |
| 9 (RLIN) | 43088 |
| 650 ## - SUBJECT ADDED ENTRY--TOPICAL TERM | |
| Topical term or geographic name as entry element | Children's literature, Indic (English) |
| 9 (RLIN) | 43089 |
| 700 ## - ADDED ENTRY--PERSONAL NAME | |
| 9 (RLIN) | 43058 |
| 942 ## - ADDED ENTRY ELEMENTS (KOHA) | |
| Source of classification or shelving scheme | Dewey Decimal Classification |
| Koha item type | Hindi Books |
| Classification part | 820.8 |
| Call number suffix | जयप्र |
| Withdrawn status | Lost status | Source of classification or shelving scheme | Damaged status | Not for loan | Collection code | Home library | Current library | Date acquired | Source of acquisition | Cost, normal purchase price | Total Checkouts | Full call number | Barcode | Date last seen | Cost, replacement price | Price effective from | Koha item type |
|---|---|---|---|---|---|---|---|---|---|---|---|---|---|---|---|---|---|
| Dewey Decimal Classification | Non-fiction | Shahdara Branch | Shahdara Branch | 29/10/2018 | BPPD/PUB | 350.00 | 820.8 जयप्र | B-068733 | 29/10/2018 | 350.00 | 29/10/2018 | Hindi Books |
